Joueurs étoilés sur EA Sports RUGBY 08 (Mort subite) - Statistiques

Statistiques générales
  • Ce quiz a été pris 30 fois
  • Le résultat moyen est 6 sur 27
Answers on the Grid
Answers color-coded by a green-red scale on the quiz's grid according to % correct below.
Richie McCaw
Shane Williams
Gavin Henson
Dan Carter
Bryan Habana
Jonny Wilkinson
Lawrence Dallaglio
Jason Robinson
Percy Montgomery
Schalk Burger
Carlos Spencer
George Gregan
Yannick Jauzion
Yannick Nyanga
Christophe Dominici
Joe Rokocoko
Brian O'Driscoll
Ronan O'Gara
Chris Latham
Matt Giteau
George Smith
Stephen Larkham
Jerry Collins
Lote Tuqiri
Tana Umaga
Agustin Pichot
Josh Lewsey
Ali Williams
Bakkies Botha
Victor Matfield
Juan Martin Hernandez
Drew Mitchell
JP Pietersen
Gareth Thomas
Paul O'Connell
Sean Lamont
Mark Cueto
Matthew Tait
Thierry Dusautoir
Vincent Clerc
Sergio Parisse
 
Statistiques - réponses
Réponse % Correct
Richie McCaw
47%
Dan Carter
40%
George Gregan
40%
Ronan O'Gara
40%
Bryan Habana
33%
Jonny Wilkinson
33%
Yannick Nyanga
33%
Brian O'Driscoll
27%
Christophe Dominici
27%
Joe Rokocoko
27%
Yannick Jauzion
27%
Chris Latham
20%
Jason Robinson
20%
Lote Tuqiri
20%
Schalk Burger
20%
Stephen Larkham
20%
Tana Umaga
20%
Jerry Collins
13%
Lawrence Dallaglio
13%
Matt Giteau
13%
Percy Montgomery
13%
Shane Williams
13%
Agustin Pichot
7%
Carlos Spencer
7%
Gavin Henson
7%
George Smith
7%
Josh Lewsey
7%
Aucun quiz correspondant
Distribution des résultats
% des personnes avec chaque résultat
Percentile par nombre de réponses
Votre historique - résultats
Vous n’avez pas pris ce quiz